For singles only. (Record no. 14776)

000 -LEADER
fixed length control field 00574nam a2200193 a 4500
001 - CONTROL NUMBER
control field :::00012610$&:&@@
003 - CONTROL NUMBER IDENTIFIER
control field OkBaRHE
005 - DATE AND TIME OF LATEST TRANSACTION
control field 20000607103421.0
008 - FIXED-LENGTH DATA ELEMENTS--GENERAL INFORMATION
fixed length control field s1987 j 000 0 eng u
040 ## - CATALOGING SOURCE
Transcribing agency
100 1# - MAIN ENTRY--PERSONAL NAME
Personal name Gool, Robyn.
245 10 - TITLE STATEMENT
Title For singles only.
260 ## - PUBLICATION, DISTRIBUTION, ETC. (IMPRINT)
Place of publication, distribution, etc Tulsa, OK.,
Name of publisher, distributor, etc Christian Publishing Services, Inc.
Date of publication, distribution, etc 1987
300 ## - PHYSICAL DESCRIPTION
Extent 76 p. ;
Dimensions 21 cm.
650 ## - SUBJECT ADDED ENTRY--TOPICAL TERM
Topical term or geographic name as entry element Single People
General subdivision Religious Life.
650 ## - SUBJECT ADDED ENTRY--TOPICAL TERM
Topical term or geographic name as entry element Single People.
942 ## - ADDED ENTRY ELEMENTS (KOHA)
Source of classification or shelving scheme
Koha item type Books
Copies
Not for loan Copy number Shelving location Date acquired Date last seen Withdrawn status Full call number Barcode Koha item type Source of classification or shelving scheme Price effective from Lost status Damaged status Permanent Location
 1General Stacks2010-04-142010-04-14 HQ 800 .G612610Books 2010-04-14  RHEMA Bible Training College